000 00396nam a2200169Ia 4500
008 170705s9999 xx 000 0 und d
020 _a43916575x
245 _aThat's not fair /
245 _cGina Mayer and Mercer Mayer.
260 _aNew York :
260 _bScholastic,
260 _c1995
300 _aunpaged :
300 _bcolor illustration ;
300 _c21cm.
500 _a240
999 _c336745
_d336745